Controlar nuestras vidas /
সংরক্ষণ করুন:
| প্রধান লেখক: | |
|---|---|
| বিন্যাস: | পাঠ্য |
| বিষয়গুলি: | |
| ট্যাগগুলো: |
ট্যাগ যুক্ত করুন
কোনো ট্যাগ নেই, প্রথমজন হিসাবে ট্যাগ করুন!
|
MARC
| LEADER | 00000 a a2200000 04500 | ||
|---|---|---|---|
| 001 | 10971 | ||
| 003 | |||
| 040 | |||
| 100 | |a Chomsky, Noam | ||
| 245 | |a Controlar nuestras vidas / |c Noam Chomsky | ||
| 500 | |a Versión resumida por Atilio A. Borón de una conferencia dictada en el Auditorio Kiva, Albuquerque, NM, 26 febrero 2000 | ||
| 650 | |a RELACIONES INTERNACIONALES | ||
| 650 | |a DERECHOS HUMANOS | ||
| 650 | |a DEMOCRACIA | ||
| 773 | |g número 3; páginas 15-20 | ||
| 999 | |c 38480 |d 38480 | ||
